00939nam a2200217 a 450000100100000000500170001000800410002702000150006804000250008310000300010824000230013824501530016126000380031430000210035249000320037370000440040583000390044995201050048895201110059399900170070400004268020201002040325.0140206s1998 sp a 000 0 spa d a8440680376 aDO-SdBNPbspacBNPHU1 aDarrymple, William96997710aIn Xanadu. A quest10aTras los pasos de Marco Polo :ba través de Asia, en busca del palacio de Kublai Kan /cWilliam Dalrymple; traducción, María Faidella Martí. aBarcelona, :bEdiciones B,c1998. a343 p. ;c19 cm.1 aBiblioteca Grandes Viajeros1 aFaidella Martí, Maríaetrad.969978 0aBiblioteca Grandes Viajeros969748 001050718MOaGRbGRcCTd2014-02-05iLF1l0o p42680-10r2020-06-25w2020-06-25y1ZNo se presta 001050718MOaGRbGRcCTd2014-02-05iLF1l0o p42680-20r2020-06-25te. 2w2020-06-25y1ZNo se presta c42169d42169